Hodnotenie zmestnancov metódou mystery schopping diplomová práca

Salvato in:
Dettagli Bibliografici
Autore principale: Jalčoviková, Katarína
Ente Autore: Podnikovohospodárska fakulta EU so sídlom v Košiciach. Katedra manažmentu
Altri autori: Bruothová, Michaela, 1979-
Natura: Libro
Lingua:slovacco
Pubblicazione: Košice 2015
Tags: Aggiungi Tag
Nessun Tag, puoi essere il primo ad aggiungerne!!

MARC

LEADER 00000nbm a2200000 4500
001 0202151
005 20161212094351.1
041 0 |a slo 
044 |a SK 
245 1 0 |a Hodnotenie zmestnancov metódou mystery schopping  |b diplomová práca  |c Katarína Jalčoviková ; školiteľ: Michaela Bruothová 
264 1 |a Košice  |c 2015 
300 |a 65 s. 
100 1 |a Jalčoviková, Katarína 
700 1 |a Bruothová, Michaela, 1979- 
710 2 |a Podnikovohospodárska fakulta EU so sídlom v Košiciach. Katedra manažmentu